LDR 01624nam a2200313 4500 001 000000362314 003 CaOOAMICUS 005 20250327154139.0 008 250326s2000 it 000 u ita r 020 $a88-459-1527-1 040 $aSeMil$bita 100 1 $aIvan IV,$c
.$0(OLS)http://semarc/name/121786 240 10$aPerepiska Ivana Groznogo s Andreem Kurbskim.$0(OLS)http://semarc/title/453202 245 13$aUn buon governo nel regno :$bil carteggio con Andrej Kurbskij /$cIvan il Terribile ; traduzione e prefazione di Pia Pera ; con un saggio di Ja.S. Lur'e. 264 1$aMilano :$bAdelphi,$c2000. 300 $a252 p. ;$c18 cm 490 1 $aPiccola biblioteca Adelphi ;$v447 650 4$aIvan IV
- Lettere e carteggi.$0(OLS)http://semarc/subject/57349 650 4$aKurbskij, Andrej Michajlovič <1528-1583> - Lettere e carteggi.$0(OLS)http://semarc/subject/57350 700 1 $aPera, Pia,$d<1956-2016>.$0(OLS)http://semarc/name/121787 700 1 $aKurbskij, Andrej Michajlovič,$d<1528-1583>.$0(OLS)http://semarc/name/121788 830 0$aPiccola biblioteca Adelphi ;$v447.$0(OLS)http://semarc/title/7074 850 $aSeMil 852 $aSeMil$W1$xVenegono$y1$m3U I 681$j255475$B253234$CSeMilBibl$Z2$F253234 $81 961 $aBuzzi mons. Franco - Omaggio 996 $6020$a88-459-1527-1$9(OLS)http://semarc/number/302860 996 $6245$aUn buon governo nel regno :$bil carteggio con Andrej Kurbskij$9(OLS)http://semarc/title/453203 996 $6264$aMilano :$bAdelphi$9(OLS)http://semarc/publisher/30018